000 00298nam a22001337a 4500
008 170420b xxu||||| |||| 00| 0 eng d
020 _a0697257738
041 _aeng
080 _27TH
_a573
100 _a11
101 _aSHM
245 _aINTRODUCTORY PLANT BIOLOGY
_cSTERN, K.R
942 _2udc
_cBK
999 _c11325
_d11325